LIBRARY & INFORMATION CENTRE, KCAET, TAVANUR

ONLINE PUBLIC ACCESS CATALOGUE (OPAC)

Green and gold: stores and poems from Bengal / (Record no. 8162)

MARC details
000 -LEADER
fixed length control field 00413cam a2200157ua 4500
041 ## - LANGUAGE CODE
Language code of text/sound track or separate title eng
082 ## - DEWEY DECIMAL CLASSIFICATION NUMBER
Classification number 823.301
Item number HUM/GR
100 ## - MAIN ENTRY--AUTHOR NAME
Personal name Humayun Kabir, .
245 ## - TITLE STATEMENT
Title Green and gold: stores and poems from Bengal /
250 ## - EDITION STATEMENT
Edition statement 1 /
260 ## - PUBLICATION, DISTRIBUTION, ETC. (IMPRINT)
Place of publication Mumbai :
Name of publisher Asia Publishing House ,
Year of publication 1957.
300 ## - PHYSICAL DESCRIPTION
Number of Pages 283 ; .
942 ## - ADDED ENTRY ELEMENTS (KOHA)
Koha item type Books
Holdings
Withdrawn status Lost status Damaged status Home library Current library Date acquired Cost, normal purchase price Full call number Accession Number Koha item type Public note
Withdrawn     KAUAET Malayalam University 07/04/2012 11.50 823.301 7871 Books Transferred to Malayalam University
free website counter